| 000 | 00402cam a2200157 a 4500 | ||
|---|---|---|---|
| 001 | BP5001202 | ||
| 008 | s1979 ru spa | ||
| 035 | _aBP5001202 | ||
| 050 | 0 |
_aF3429 _bZ8 1979 |
|
| 100 | 1 | _aZubritski, Yu. | |
| 245 | 1 | 4 |
_aLos Incas Quechuas / _cYu. Zubritski . |
| 260 |
_aMoscu : _bProgreso, _c1979 |
||
| 300 |
_a165 p. ; _c20 cm. |
||
| 650 | 4 |
_aIncas _zPerĂº |
|
| 942 |
_2lcc _cLIB |
||
| 999 |
_c64057 _d64057 |
||